Stenografická správa o 37. schôdzi Národnej rady Slovenskej republiky konanej 17., 18., 19., 24., 25. a 26. augusta 1994 10. volebné obdobie

Guardado en:
Detalles Bibliográficos
Formato: Libro
Lenguaje:eslovaco
Publicado: Bratislava Národná rada Slovenskej republiky 1994
Edición:1. vyd.
Materias:
Etiquetas: Agregar Etiqueta
Sin Etiquetas, Sea el primero en etiquetar este registro!

MARC

LEADER 00000nam a2200000 4500
001 c010046
005 20221214075457.1
041 0 |a slo 
044 |a SK 
245 1 0 |a Stenografická správa o 37. schôdzi Národnej rady Slovenskej republiky konanej 17., 18., 19., 24., 25. a 26. augusta 1994  |b 10. volebné obdobie 
250 |a 1. vyd. 
264 1 |a Bratislava  |b Národná rada Slovenskej republiky  |c 1994 
300 |a S.304-552 
610 2 0 |a parlamenty 
610 2 0 |a Slovensko 
610 2 0 |a schôdze 
610 2 0 |a NR SR Bratislava 
610 2 0 |a august 
610 2 0 |a 1994